| 000 | 00639nam a2200205Ia 4500 | ||
|---|---|---|---|
| 003 | GCL | ||
| 008 | 140319s9999 xx 000 0 ara d | ||
| 040 |
_aGCL / _cGCL |
||
| 082 | 0 | 4 |
_a810.8007 _bد ا |
| 100 | 1 |
_aمحمد اليعلاوى _vArranger _@ _٠رتب |
|
| 245 | 1 | 0 |
_aالادب بافريقية فى العهد الفاطمى / _cمحمد اليعلاوى |
| 260 |
_a[S.N] : _bدار الغرب الاسلامى ، _c1986 |
||
| 300 | _a396 ص | ||
| 490 | _a | ||
| 650 | 0 | 4 | _aالشعر العربى |
| 650 | 0 | 4 | _aالادب العربى |
| 650 | 0 | 4 | _aالمغرب |
| 650 | 0 | 4 | _aالمجموعات |
| 942 |
_2ddc _cBK |
||
| 999 |
_c56768 _d56768 |
||